000 00459nam a2200169Ia 4500
003 GCL
008 140319s9999 xx 000 0 eng d
040 _aGCL /
_cGCL
082 0 4 _a746.72
_bP O
100 1 _aPETSAPOULAS, YONNI
245 1 0 _aONE HUNDRED KILIMS: MASTERPIECES FROM ANATOLIA /
_cPETSAPOULAS, YONNI
260 _a[S.N] :
_bALEXANDRIA PRESS LTD ،
_c1991
650 0 4 _aARTS
650 0 4 _aKILIMS, ANATOLIE
650 0 4 _aKILIMS
942 _2ddc
_cBK
999 _c17237
_d17237